1114 1232 1982 1800 1558 1446 1819 1253 1792 1787 1600 1116 1363 1505 1543 1733 1309 1174 1437 1387 1230 1034 1259 1170 1355 1960 1484 1225 1859 1994 1215 1058 1692 1816 1207 1124 1036 1486 1447 1345 1612 1758 1381 1942 1714 1641 1661 1453 1931 1481 1471 1575 1765 1802 1716 1014 1453 1423 1756 1074 1300 1397 1413 1314 1118 1482 1401 1096 1117 1376 1046 1160 1162 1334 1949 1387 1122 1210 1635 1881 1319 1343 1419 1886 1338 1369 1653 1884 1113 1734 1625 1312 1906 1283 1046 1294 1526 1086 1076 BCNSPRNW ULIB Ver.6.0+V

เปลี่ยนเป็นภาษาไทย

Change to English
 แสดงรายละเอียดบรรณานุกรม
  กลับหน้าหลัก

Brief Record : Get Marc (ISO 2709) : E-mail record : QR code < ปิดหน้าต่าง
LEADER : 00000nam 2200000uu 4500
001    13399122621
003     ULIB
008    130819s2010||||th 000 0 eng d
020    ^a9781605476520 (pbk.)
060 04 ^aQS4^bM822C
100 1  ^aMoore, Keith L.
245 10 ^aClinically oriented anatomy /^cKeith L. Moore, Arthur F.
250    ^a6th ed.
260    ^aPhiladelphia, Pa. :^bLippincott Williams & Wilkins,^c2010
300    ^axxix, 1134 p. :^bill. (chiefly col.) ;^c28 cm.
500    ^aPrevious ed.: 2006
504    ^aIncludes bibliographical references and index
650  0 ^aHuman anatomy
650  0 ^aAnatomy, Pathological
650  2 ^aAnatomy
700 1  ^aDalley, Arthur F.
700 1  ^aAgur, A. M. R.
945    ^p0^l0^i20073
999    ^aทศพร เกษรทอง
รายการนี้ยังไม่มีแท็ก
คุณยังไม่ได้ล็อกอิน คุณสามารถมีกิจกรรมร่วมกับเว็บไซต์ได้ แต่ต้องล็อกอินก่อน ::
  ล็อกอิน

รายการสื่อสารสนเทศ

ลำดับที่ ประเภท เลขเรียก/บาร์โค้ด สถานที่ สถานะ
1. วิทยาศาสตร์การแพทย์ และสุขภาพ
วิทยาศาสตร์การแพทย์ และสุขภาพ
QS4 M822C C.1 
  Barcode: 20073
ห้องสมุดวิทยาเขตสวรรค์ประชารักษ์
►หนังสือทั่วไป
บนชั้น

รายการใกล้เคียง
    ผู้แต่ง [Moore, Keith L.]

    หัวเรื่อง [Human anatomy]
    หัวเรื่อง [Anatomy]

BibComment


ยังไม่เคยถูกคอมเมนท์

คอมเมนท์ทรัพยากรรายการนี้
  คอมเมนท์: Clinically orien..


 Copyright 2026. Bcnsprnw @Library